00750cam a2200229 a 4500001000800000005001700008008004100025010001700066020004500083040002500128041000800153080001200161082002000173100000700193101000800200245009400208504002900302906004500331942001200376999001700388952011500405284080920180214032802.0840312s1984 nyu b 000 0 eng  a 84005877  a0030605687 (alk. paper) :c$24.95 (est.) aDLCcDLCdDLCdOCoLC aeng a331.11800a331.118 BRI219 a53 aMNG00aProductivity research in the behavioral and social sciences /cedited by Arthur P. Brief. aIncludes bibliographies. a7bcbccorignewd1eocipf19gy-gencatlg 2ddccBK c42438d42438 00102udc40708PËKGa002b002cPËKGd2018-02-14l0o331.118 BRIp002-2998530r2018-02-14w2018-02-14yBK